[Event "SR 1. liga zapad 2011/2012"]
[Site "?"]
[Date "2012.02.05"]
[Round "9.3"]
[White "Balogh, Peter"]
[Black "Puchart, Vladimir"]
[Result "1-0"]
[WhiteElo "1955"]
[BlackElo "2079"]
[PlyCount "45"]
[EventDate "2011.??.??"]

1. e4 c5 2. Nf3 d6 3. d4 cxd4 4. Nxd4 Nf6 5. Nc3 a6 6. Bg5 Nbd7 7. Qd2 b5 8. f3
Bb7 9. g4 e6 10. h4 Be7 11. O-O-O b4 12. Nb1 d5 13. Bxf6 Nxf6 14. e5 Nd7 15. f4
Rc8 16. g5 Nc5 17. Bh3 g6 18. h5 Ne4 19. Qg2 Qa5 20. hxg6 hxg6 21. Nxe6 fxe6
22. Bxe6 Rxh1 23. Qxh1 1-0

[Event "SR 1. liga zapad 2011/2012"]
[Site "?"]
[Date "2012.02.05"]
[Round "9.3"]
[White "Doucha, Ludvik"]
[Black "Edes, Zsofia"]
[Result "1/2-1/2"]
[WhiteElo "2102"]
[BlackElo "1989"]
[PlyCount "68"]
[EventDate "2011.??.??"]

1. e4 g6 2. d4 Bg7 3. Nc3 d6 4. Be3 c6 5. Qd2 b5 6. Bd3 e5 7. dxe5 dxe5 8. Nge2
Qe7 9. O-O Nf6 10. f3 O-O 11. a4 b4 12. Nd1 Rd8 13. b3 a5 14. Qe1 Be6 15. Nb2
Na6 16. Qf2 Nd7 17. Bc4 Nac5 18. Rad1 Kh8 19. Bxe6 Nxe6 20. Nc4 c5 21. Nc1 Nd4
22. Nd3 Ra6 23. Rd2 Nb6 24. Ndb2 Nc8 25. Rfd1 Nd6 26. Kh1 Qe6 27. Qh4 Bf6 28.
Qg3 Bg7 29. Bg5 f6 30. Be3 f5 31. Bxd4 cxd4 32. Nxd6 f4 33. Qf2 Qxd6 34. Nc4
Qc7 1/2-1/2

[Event "SR 1. liga zapad 2011/2012"]
[Site "?"]
[Date "2012.02.05"]
[Round "9.3"]
[White "Kukel, Imre 1985"]
[Black "Likavsky, Tomas"]
[Result "0-1"]
[WhiteElo "2305"]
[BlackElo "2486"]
[PlyCount "101"]
[EventDate "2011.??.??"]

1. e4 c5 2. Nf3 d6 3. d4 cxd4 4. Nxd4 Nf6 5. Nc3 Nc6 6. Bc4 e6 7. Be3 a6 8. Qe2
Na5 9. Bd3 Qc7 10. g4 b5 11. g5 Nd7 12. O-O-O b4 13. Nd5 exd5 14. exd5 Ne5 15.
Be4 Qc4 16. Qe1 Qxa2 17. Qxb4 Nac4 18. c3 Nxe3 19. fxe3 Be7 20. h4 O-O 21. Nc6
Nxc6 22. dxc6 Be6 23. Rd4 Rab8 24. Qa3 Qxa3 25. bxa3 d5 26. Bxd5 Bxd5 27. Rxd5
Rfc8 28. Rhd1 Rxc6 29. Kc2 Bxa3 30. Rd8+ Rxd8 31. Rxd8+ Bf8 32. Kb3 g6 33. c4
Kg7 34. Ra8 Bc5 35. e4 Bf2 36. Kb4 Be1+ 37. Kb3 Bxh4 38. e5 Bxg5 39. Kc3 Bf4
40. Kd4 Re6 41. c5 Bxe5+ 42. Kd5 Bg3 43. c6 a5 44. Kc5 Bc7 45. Kb5 h5 46. Rc8
Re7 47. Ka6 h4 48. Ka7 h3 49. Ra8 h2 50. Kb7 h1=Q 51. Ka7 0-1

[Event "SR 1. liga zapad 2011/2012"]
[Site "?"]
[Date "2012.02.05"]
[Round "9.3"]
[White "Lanc, Alois"]
[Black "Szegi, Tamas"]
[Result "1-0"]
[WhiteElo "2367"]
[BlackElo "2246"]
[PlyCount "87"]
[EventDate "2011.??.??"]

1. e4 c5 2. Nf3 e6 3. d4 cxd4 4. Nxd4 Nf6 5. Nc3 d6 6. f4 a6 7. Qf3 Qc7 8. g4
Nc6 9. Nxc6 bxc6 10. Bd3 Be7 11. b3 d5 12. g5 Bb4 13. Bd2 Qa5 14. Nb1 dxe4 15.
Bxe4 Nxe4 16. Qxe4 Bxd2+ 17. Nxd2 O-O 18. O-O-O Qxa2 19. Nb1 Rb8 20. Rd4 Qa5
21. Rhd1 c5 22. Qe5 Bb7 23. Ra4 Qb6 24. Rd6 Qb5 25. Nc3 Qf1+ 26. Kb2 Rfc8 27.
h4 c4 28. Rd1 Qg2 29. Rxc4 Bd5 30. Nxd5 exd5 31. Qxd5 Qxd5 32. Rxc8+ Rxc8 33.
Rxd5 h6 34. gxh6 g6 35. Rd6 a5 36. Rd5 a4 37. bxa4 Rc4 38. a5 Rxf4 39. a6 Ra4
40. Rd6 Kh7 41. Kb3 Ra1 42. Kb4 Kxh6 43. Kb5 f5 44. Rd4 1-0

[Event "SR 1. liga zapad 2011/2012"]
[Site "?"]
[Date "2012.02.05"]
[Round "9.3"]
[White "Nicolini, Alexander"]
[Black "Baranek, Jozef"]
[Result "1-0"]
[WhiteElo "2154"]
[BlackElo "2152"]
[PlyCount "67"]
[EventDate "2011.??.??"]

1. e4 c5 2. Nf3 a6 3. c3 d5 4. exd5 Qxd5 5. d4 Nf6 6. Be2 e6 7. O-O Nc6 8. c4
Qd8 9. dxc5 Qxd1 10. Rxd1 Bxc5 11. Nc3 O-O 12. Bf4 Re8 13. Ne5 Nd4 14. Bf1 Ba7
15. Rac1 h6 16. b4 g5 17. Be3 Nf5 18. Bxa7 Rxa7 19. c5 Kf8 20. Rd2 Ng8 21. g3
f6 22. Nc4 e5 23. Bg2 Nd4 24. Nb6 Bg4 25. Kf1 Ne7 26. Ne4 Kg7 27. h3 Be6 28.
Nd6 Rb8 29. Rxd4 exd4 30. Re1 Nc6 31. Rxe6 Nxb4 32. Re7+ Kf8 33. Rf7+ Kg8 34.
Nd7 1-0

[Event "SR 1. liga zapad 2011/2012"]
[Site "?"]
[Date "2012.02.05"]
[Round "9.3"]
[White "Szilard, Ladislav"]
[Black "Lukac, Roman"]
[Result "1-0"]
[WhiteElo "2130"]
[BlackElo "2165"]
[PlyCount "53"]
[EventDate "2011.??.??"]

1. d4 Nf6 2. c4 c5 3. d5 e6 4. Nc3 g6 5. e4 d6 6. f4 exd5 7. cxd5 Nbd7 8. Nf3
Bg7 9. e5 dxe5 10. fxe5 Ng4 11. Bg5 f6 12. exf6 Bxf6 13. Qd2 O-O 14. Bxf6 Re8+
15. Be2 Ndxf6 16. O-O Bd7 17. a4 a6 18. Rfe1 Qb6 19. Bc4 Qb4 20. b3 Kg7 21. h3
Nh6 22. g4 Nf7 23. Qb2 Kg8 24. d6 Rxe1+ 25. Rxe1 Re8 26. Rxe8+ Bxe8 27. Na2 1-0

[Event "SR 1. liga zapad 2011/2012"]
[Site "?"]
[Date "2012.02.05"]
[Round "9.3"]
[White "Voros, Gellert"]
[Black "Miklas, Marian"]
[Result "0-1"]
[WhiteElo "1992"]
[BlackElo "2143"]
[PlyCount "66"]
[EventDate "2011.??.??"]

1. e4 c5 2. c3 e6 3. d4 d5 4. exd5 exd5 5. Nf3 Bd6 6. Be3 c4 7. b3 cxb3 8. axb3
Ne7 9. Bd3 O-O 10. O-O Bf5 11. Na3 Nbc6 12. Nb5 Bb8 13. c4 a6 14. Nc3 Qd7 15.
Qb1 Bxd3 16. Qxd3 Bc7 17. Rfd1 Rac8 18. Ne2 Ng6 19. Qd2 Nce7 20. Rac1 Rfe8 21.
Nf4 Qd6 22. c5 Qd7 23. Ne5 Qf5 24. Nfxg6 Nxg6 25. Nxg6 hxg6 26. b4 Re4 27. f3
Re6 28. Bf2 Bf4 29. Qc2 Bxc1 30. Qxf5 gxf5 31. Rxc1 Re2 32. b5 axb5 33. Rb1 Ra8
0-1

[Event "SR 1. liga zapad 2011/2012"]
[Site "?"]
[Date "2012.02.05"]
[Round "9.4"]
[White "Beres, Dominik"]
[Black "Cajka, Tibor"]
[Result "0-1"]
[WhiteElo "2107"]
[BlackElo "2140"]
[PlyCount "62"]
[EventDate "2011.??.??"]

1. e4 c5 2. Nf3 d6 3. d4 cxd4 4. Nxd4 Nf6 5. Nc3 a6 6. Be3 e5 7. Nb3 Be6 8. Qd2
Nbd7 9. f3 Be7 10. O-O-O b5 11. g4 Nb6 12. g5 Nfd7 13. Qg2 b4 14. Nd5 Nxd5 15.
exd5 Bf5 16. Bd3 Bxd3 17. Rxd3 a5 18. Kb1 Qc7 19. f4 O-O 20. f5 Rfc8 21. f6 Bf8
22. h4 a4 23. Nc1 Kh8 24. Rf1 e4 25. Rd4 a3 26. Rxb4 axb2 27. Rxb2 Ne5 28. Rb3
Nc4 29. Rf2 Rab8 30. Re2 Na3+ 31. Kb2 Qc3+ 0-1

[Event "SR 1. liga zapad 2011/2012"]
[Site "?"]
[Date "2012.02.05"]
[Round "9.4"]
[White "Bury, Rastislav"]
[Black "Boldis, Frantisek"]
[Result "1-0"]
[WhiteElo "2173"]
[BlackElo "2011"]
[PlyCount "53"]
[EventDate "2011.??.??"]

1. Nf3 Nf6 2. g3 c6 3. Bg2 g6 4. O-O Bg7 5. c4 O-O 6. Nc3 d6 7. d4 Nbd7 8. e4
Nb6 9. b3 Nfd7 10. Be3 c5 11. Qc2 e6 12. a4 Rb8 13. Nb5 a6 14. Nxd6 cxd4 15.
Bxd4 e5 16. Bc3 Qc7 17. Rad1 f6 18. a5 Na8 19. Bh3 Rd8 20. Be6+ Kf8 21. Bb4 Nc5
22. Nxc8 Rbxc8 23. Bxc8 Rxc8 24. Rd5 b6 25. Rfd1 Kg8 26. axb6 Qxb6 27. Bxc5 1-0

[Event "SR 1. liga zapad 2011/2012"]
[Site "?"]
[Date "2012.02.05"]
[Round "9.4"]
[White "Cibulka, Vladimir"]
[Black "Meszaros, Michal"]
[Result "0-1"]
[WhiteElo "2278"]
[BlackElo "2377"]
[PlyCount "164"]
[EventDate "2011.??.??"]

1. e4 c5 2. Nf3 d6 3. c3 Nf6 4. h3 Nc6 5. Bd3 e5 6. O-O Be7 7. Bc2 O-O 8. Re1
b5 9. d4 Qc7 10. d5 Nd8 11. Nbd2 Rb8 12. Nf1 Ne8 13. Ng3 g6 14. Bh6 Ng7 15. Qd2
f6 16. Nh2 Nf7 17. Ng4 Kh8 18. Bxg7+ Kxg7 19. Ne3 Bd7 20. Bd1 Nh6 21. Ng4 Nf7
22. Ne3 Rh8 23. Bg4 h5 24. Bxd7 Qxd7 25. Qc2 Kh7 26. a4 b4 27. Nc4 Bf8 28. Na5
Nd8 29. Nc4 Nf7 30. Na5 Nd8 31. Nc4 Qb7 32. Qd3 Qd7 33. Qc2 Bh6 34. Qd3 Rf8 35.
Qc2 Nf7 36. Na5 Nd8 37. Nc4 Kh8 38. Qd3 Nf7 39. Na5 Nd8 40. Nc4 Rf7 41. Qc2 Bf4
42. Ne2 Bh6 43. Ng3 Bf4 44. Ne2 Bg5 45. Ng3 Rg7 46. Qd3 Kh7 47. Qc2 Nf7 48. Na5
Nd8 49. Nc4 Qc7 50. Qd3 Nf7 51. Qc2 Bf4 52. Ne2 Bg5 53. Ng3 Nh6 54. Qd3 Rf7 55.
Qc2 h4 56. Nf1 f5 57. exf5 gxf5 58. Nfe3 Kh8 59. Qe2 Rg8 60. Kh1 bxc3 61. bxc3
e4 62. Rab1 Qd7 63. Rg1 Rfg7 64. a5 Kh7 65. a6 Bf4 66. Rb7 Qc8 67. Rgb1 Qe8 68.
Rxg7+ Rxg7 69. Rb7 Qa4 70. Rxg7+ Kxg7 71. Nd2 Qa1+ 72. Ndf1 Qxc3 73. Nxf5+ Nxf5
74. Qg4+ Kf6 75. Qxf4 Qe5 76. Qd2 Qd4 77. Qa5 Qxf2 78. Nd2 Ng3+ 79. Kh2 Qxd2
80. Qa1+ Qd4 81. Qa2 e3 82. Qf2+ Nf5 0-1

[Event "SR 1. liga zapad 2011/2012"]
[Site "?"]
[Date "2012.02.05"]
[Round "9.4"]
[White "Fabian, Jaroslav"]
[Black "Pagerka, Martin"]
[Result "0-1"]
[WhiteElo "2192"]
[BlackElo "2200"]
[PlyCount "80"]
[EventDate "2011.??.??"]

1. c4 Nf6 2. Nc3 e5 3. Nf3 Nc6 4. g3 d5 5. cxd5 Nxd5 6. d3 Nb6 7. Bg2 Be7 8.
O-O Be6 9. Be3 f5 10. Na4 Bd5 11. Bc5 Bd6 12. Bxd6 cxd6 13. Nc3 Bf7 14. e4 O-O
15. d4 Bh5 16. dxe5 fxe4 17. Nxe4 d5 18. Neg5 Nxe5 19. Re1 Nxf3+ 20. Bxf3 Bxf3
21. Nxf3 Qf6 22. Kg2 Qxb2 23. Re7 Rae8 24. Rxe8 Rxe8 25. Qd4 Re2 26. Qxb2 Rxb2
27. Nd4 Nc4 28. h4 Kf7 29. Kf3 Kf6 30. a4 Ke5 31. Nb5 d4 32. Re1+ Kd5 33. Re7
Ne5+ 34. Kg2 a6 35. Na3 Ra2 36. Nb1 Rb2 37. Na3 Nd3 38. Rd7+ Kc5 39. Rc7+ Kb4
40. Nc2+ Rxc2 0-1

[Event "SR 1. liga zapad 2011/2012"]
[Site "?"]
[Date "2012.02.05"]
[Round "9.4"]
[White "Gasa, Andrej"]
[Black "Siroky, Jan"]
[Result "1/2-1/2"]
[WhiteElo "2257"]
[BlackElo "2166"]
[PlyCount "63"]
[EventDate "2011.??.??"]

1. e4 e6 2. d4 d5 3. e5 c5 4. c3 Bd7 5. Nf3 Qb6 6. a3 cxd4 7. cxd4 Bb5 8. Bxb5+
Qxb5 9. Nc3 Qa6 10. Ne2 Nc6 11. O-O Nge7 12. Ng3 g6 13. Bg5 Bg7 14. Qd2 O-O 15.
Bh6 Nf5 16. Nxf5 exf5 17. h4 Qb6 18. Bxg7 Kxg7 19. Rac1 Na5 20. Rc3 Rac8 21. h5
h6 22. hxg6 fxg6 23. Re1 Nc4 24. Qc1 Rc6 25. b3 Na5 26. Rxc6 Qxc6 27. Qe3 Qe6
28. Qc3 Nc6 29. b4 Rc8 30. Qd2 Nd8 31. Rc1 Rxc1+ 32. Qxc1 1/2-1/2

[Event "SR 1. liga zapad 2011/2012"]
[Site "?"]
[Date "2012.02.05"]
[Round "9.4"]
[White "Plachetka, Jan"]
[Black "Berek, Geza"]
[Result "1-0"]
[WhiteElo "2388"]
[BlackElo "2186"]
[PlyCount "81"]
[EventDate "2011.??.??"]

1. c4 g6 2. Nc3 Bg7 3. d4 Nf6 4. e4 d6 5. f3 O-O 6. Nge2 Nc6 7. Be3 a6 8. Qd2
Rb8 9. h4 h5 10. Bh6 Bxh6 11. Qxh6 e5 12. O-O-O b5 13. dxe5 Nxe5 14. Nf4 c6 15.
c5 Qa5 16. Rxd6 b4 17. Na4 Qxa4 18. Rxf6 Qxa2 19. Bd3 Nxd3+ 20. Nxd3 Qc4+ 21.
Kd2 Rd8 22. Rd6 Rxd6 23. cxd6 Qd4 24. Qf4 Be6 25. Rc1 Rb6 26. Qe3 Qxe3+ 27.
Kxe3 c5 28. e5 c4 29. Nf4 c3 30. bxc3 b3 31. Nxe6 fxe6 32. c4 a5 33. c5 b2 34.
Rb1 Rb3+ 35. Kd2 Kf7 36. c6 Ke8 37. Kc2 Rb5 38. c7 Kd7 39. f4 Rc5+ 40. Kxb2
Rb5+ 41. Ka2 1-0

[Event "SR 1. liga zapad 2011/2012"]
[Site "?"]
[Date "2012.02.05"]
[Round "9.4"]
[White "Spacek, Oliver"]
[Black "Beres, Lukas"]
[Result "1-0"]
[WhiteElo "1907"]
[BlackElo "1902"]
[PlyCount "91"]
[EventDate "2011.??.??"]

1. d4 Nf6 2. c4 g6 3. Nc3 Bg7 4. e4 d6 5. h3 c6 6. Nf3 O-O 7. Bd3 Qc7 8. O-O e5
9. d5 a5 10. Re1 Nbd7 11. Be3 Nh5 12. Bf1 Re8 13. a3 h6 14. Rc1 Kh7 15. b4 Nf4
16. g3 Nh5 17. c5 dxc5 18. bxc5 Bf8 19. Na4 Nhf6 20. d6 Qd8 21. Qb3 Bg7 22. Nd2
Rf8 23. Bg2 Ne8 24. Nc4 f5 25. exf5 gxf5 26. f4 e4 27. g4 Ndf6 28. Nab6 Rb8 29.
Nxc8 Qxc8 30. Nb6 Qd8 31. gxf5 Nd7 32. Bxe4 Nef6 33. Nxd7 Qxd7 34. Bb1 Qe8 35.
Bd4 Qh5 36. Re7 Kh8 37. Qg3 Rf7 38. Ba2 Rxe7 39. dxe7 Qxf5 40. Re1 Ne8 41.
Qxg7+ Nxg7 42. e8=Q+ Rxe8 43. Rxe8+ Kh7 44. Re7 Qxf4 45. Rxg7+ Kh8 46. Rg4+ 1-0

[Event "SR 1. liga zapad 2011/2012"]
[Site "?"]
[Date "2012.02.05"]
[Round "9.5"]
[White "Gabris, Ondrej"]
[Black "Skrabakova, Katarina"]
[Result "1-0"]
[WhiteElo "2146"]
[BlackElo "2047"]
[PlyCount "65"]
[EventDate "2011.??.??"]

1. e4 c5 2. d4 cxd4 3. c3 dxc3 4. Nxc3 e6 5. Nf3 a6 6. Bc4 b5 7. Bb3 d6 8. O-O
Be7 9. Qe2 Ra7 10. Be3 Rd7 11. Nd4 Bf6 12. f4 Bxd4 13. Bxd4 Nf6 14. Rad1 O-O
15. e5 dxe5 16. Bc5 Re8 17. fxe5 Rxd1 18. Rxd1 Nfd7 19. Bd6 Nc6 20. Ne4 Qh4 21.
g3 Qh6 22. Nf2 f5 23. a4 Na5 24. Ba2 bxa4 25. Qc2 Qe3 26. Bxe6+ Kh8 27. Qxf5
Nb3 28. Bxd7 Nd4 29. Qf7 Bxd7 30. Qxd7 Nf3+ 31. Kg2 Rg8 32. Qf5 Ng5 33. Qf4 1-0

[Event "SR 1. liga zapad 2011/2012"]
[Site "?"]
[Date "2012.02.05"]
[Round "9.5"]
[White "Gombar, Peter"]
[Black "Kimerling, Martin"]
[Result "1/2-1/2"]
[WhiteElo "2033"]
[BlackElo "2015"]
[PlyCount "72"]
[EventDate "2011.??.??"]

1. e4 c5 2. Nf3 Nc6 3. d4 cxd4 4. Nxd4 Nf6 5. Nc3 e5 6. Ndb5 d6 7. Bg5 a6 8.
Na3 b5 9. Nd5 Be7 10. Nxe7 Qxe7 11. Bd3 O-O 12. O-O h6 13. Bh4 Be6 14. c3 g5
15. Bg3 d5 16. exd5 Nxd5 17. Re1 Rad8 18. Qe2 b4 19. cxb4 Ndxb4 20. Rad1 Nxd3
21. Rxd3 Rxd3 22. Qxd3 Nb4 23. Qe2 f6 24. b3 Rd8 25. Nc4 Qc5 26. Qe3 Qxe3 27.
fxe3 Nxa2 28. Ra1 Bxc4 29. bxc4 Nb4 30. Ra4 Nc2 31. Rxa6 Nxe3 32. Kf2 Ng4+ 33.
Ke2 h5 34. h3 h4 35. hxg4 hxg3 36. Rxf6 Kg7 1/2-1/2

[Event "SR 1. liga zapad 2011/2012"]
[Site "?"]
[Date "2012.02.05"]
[Round "9.5"]
[White "Hajek, Lukas"]
[Black "Kvassay, Peter"]
[Result "1/2-1/2"]
[WhiteElo "2038"]
[BlackElo "2080"]
[PlyCount "149"]
[EventDate "2011.??.??"]

1. d4 Nf6 2. c4 e6 3. Nf3 b6 4. a3 Bb7 5. Nc3 Be7 6. d5 O-O 7. e4 d6 8. Be2 e5
9. O-O Nbd7 10. Ne1 h6 11. Qc2 Nh7 12. g3 a6 13. f4 exf4 14. gxf4 g5 15. Nf3
gxf4 16. Bxf4 Ng5 17. Kh1 Bf6 18. Rg1 Kh8 19. Rg3 Nxf3 20. Rxf3 Bg5 21. Rg1
Bxf4 22. Rxf4 Ne5 23. Qd2 Rg8 24. Rxg8+ Kxg8 25. Rf5 Kh7 26. Qf4 Bc8 27. Rf6
Qf8 28. Bh5 Qg7 29. Ne2 Bh3 30. Ng3 Qg5 31. Qxg5 hxg5 32. Nf5 Bxf5 33. Rxf5 Kh6
34. Be2 Kg6 35. Kg2 Rh8 36. b3 Rh4 37. c5 Rxe4 38. Rf2 a5 39. cxb6 cxb6 40. Bd1
Kg7 41. Rd2 f5 42. Rc2 Rd4 43. Rc7+ Kf6 44. Be2 g4 45. Rb7 f4 46. Kf1 Rxd5 47.
Rxb6 f3 48. Ba6 Kf5 49. b4 Kf4 50. bxa5 Rd1+ 51. Kf2 Rd2+ 52. Kg1 Rg2+ 53. Kh1
Ra2 54. Bf1 Ra1 55. Kg1 Nd3 56. Rxd6 Ne5 57. a6 Rxa3 58. Rd1 Ra2 59. Rb1 Ng6
60. Rb4+ Kg5 61. h3 gxh3 62. Bxh3 Nf4 63. Bf1 Kg4 64. Rb8 f2+ 65. Kh2 Ra1 66.
Bc4 f1=Q 67. Bxf1 Rxf1 68. a7 Rf2+ 69. Kg1 Nh3+ 70. Kh1 Rf1+ 71. Kg2 Rf2+ 72.
Kh1 Rf1+ 73. Kg2 Rf2+ 74. Kh1 Rf1+ 75. Kg2 1/2-1/2

[Event "SR 1. liga zapad 2011/2012"]
[Site "?"]
[Date "2012.02.05"]
[Round "9.5"]
[White "Hlinka, Miroslav"]
[Black "Michal, Silvio"]
[Result "1-0"]
[WhiteElo "2032"]
[BlackElo "2108"]
[PlyCount "75"]
[EventDate "2011.??.??"]

1. d4 Nf6 2. Nf3 e6 3. c4 Bb4+ 4. Bd2 Qe7 5. Nc3 b6 6. e3 Bb7 7. Bd3 O-O 8. O-O
d6 9. a3 Bxc3 10. Bxc3 Ne4 11. Be1 f5 12. Nd2 Qg5 13. Nxe4 fxe4 14. Be2 Nd7 15.
Bd2 Rf6 16. f4 exf3 17. Bxf3 Raf8 18. e4 Qg6 19. Qe2 c5 20. Bc3 Rf4 21. d5 exd5
22. cxd5 Bc8 23. Rae1 Ne5 24. Bxe5 dxe5 25. Bh5 Qg5 26. Rxf4 Rxf4 27. Bf3 c4
28. Qxc4 Qd8 29. d6+ Kf8 30. Qd5 Qe8 31. Rc1 Rf7 32. Rc7 Rxc7 33. dxc7 Qe7 34.
Qd8+ Qe8 35. Be2 a6 36. Bc4 b5 37. Bd5 Bd7 38. Bb7 1-0

[Event "SR 1. liga zapad 2011/2012"]
[Site "?"]
[Date "2012.02.05"]
[Round "9.5"]
[White "Janos, Ivan"]
[Black "Chovanec, Milan"]
[Result "0-1"]
[WhiteElo "2142"]
[BlackElo "2137"]
[PlyCount "70"]
[EventDate "2011.??.??"]

1. e4 c6 2. d4 d5 3. Nc3 dxe4 4. Nxe4 Nf6 5. Nxf6+ gxf6 6. c3 Bf5 7. Nf3 e6 8.
Nh4 Bg6 9. Be2 Bd6 10. Be3 Nd7 11. Qd2 Qc7 12. c4 c5 13. d5 O-O-O 14. g3 Nb6
15. O-O Kb8 16. a4 Rhe8 17. a5 Nc8 18. Bf3 f5 19. b4 e5 20. bxc5 Bxc5 21. Bxc5
Qxc5 22. Ng2 Nd6 23. Rfc1 f6 24. Qe3 Rc8 25. Be2 Re7 26. f4 Qxe3+ 27. Nxe3 exf4
28. c5 Rxe3 29. cxd6 Rxe2 30. d7 Rd8 31. Rc5 Re7 32. a6 Rexd7 33. Rb1 fxg3 34.
d6 gxh2+ 35. Kxh2 b6 0-1

[Event "SR 1. liga zapad 2011/2012"]
[Site "?"]
[Date "2012.02.05"]
[Round "9.5"]
[White "Obona, Jan"]
[Black "Klemanic, Emil"]
[Result "0-1"]
[WhiteElo "2151"]
[BlackElo "2194"]
[PlyCount "72"]
[EventDate "2011.??.??"]

1. Nf3 Nf6 2. c4 d6 3. d4 g6 4. Nc3 Bg7 5. e4 O-O 6. Be2 Bg4 7. O-O Nfd7 8. Be3
Nc6 9. d5 Na5 10. Nd4 Bxe2 11. Qxe2 Nb6 12. b3 c5 13. dxc6 bxc6 14. Rac1 c5 15.
Nf3 Nc6 16. Rfd1 Nd7 17. h3 Qa5 18. Nd5 e6 19. Nf4 Nde5 20. Rxd6 Nxf3+ 21. gxf3
Nd4 22. Bxd4 cxd4 23. c5 Bh6 24. Rxd4 Bxf4 25. Rc2 Qc7 26. e5 Bxe5 27. Re4 Bf4
28. b4 a6 29. a4 Rfd8 30. Kg2 Rd5 31. Qc4 g5 32. Re1 a5 33. b5 Rc8 34. c6 Qb6
35. Re4 Bc7 36. h4 Rcd8 0-1

[Event "SR 1. liga zapad 2011/2012"]
[Site "?"]
[Date "2012.02.05"]
[Round "9.5"]
[White "Pecha, Tomas"]
[Black "Tibensky, Robert"]
[Result "0-1"]
[WhiteElo "2239"]
[BlackElo "2410"]
[PlyCount "70"]
[EventDate "2011.??.??"]

1. e4 g6 2. d4 Bg7 3. Nc3 d6 4. g3 Nc6 5. Be3 e5 6. dxe5 Nxe5 7. h3 Be6 8. f4
Nc6 9. Nge2 Nge7 10. Bg2 Qd7 11. Qd2 f5 12. exf5 gxf5 13. Nd4 O-O-O 14. O-O-O
Kb8 15. Kb1 Bf7 16. Bf3 a6 17. g4 Na5 18. Bf2 c5 19. Nb3 Nc4 20. Qe2 Qc7 21.
Nd2 Nxb2 22. Kxb2 Qa5 23. Ndb1 Rhe8 24. Qd3 d5 25. Kc1 c4 26. Qd2 d4 27. Bxd4
Bxd4 28. Qxd4 Rxd4 29. Rxd4 Rd8 30. Rhd1 Rxd4 31. Rxd4 Qc5 32. Rd7 Qe3+ 33. Nd2
Qxc3 34. Rxb7+ Kc8 35. Rxe7 Qa3+ 0-1

[Event "SR 1. liga zapad 2011/2012"]
[Site "?"]
[Date "2012.02.05"]
[Round "9.5"]
[White "Zacik, Anton"]
[Black "Capak, Stefan"]
[Result "1/2-1/2"]
[WhiteElo "2000"]
[BlackElo "2020"]
[PlyCount "27"]
[EventDate "2011.??.??"]

1. e4 c5 2. d4 cxd4 3. c3 dxc3 4. Nxc3 Nc6 5. Nf3 e6 6. Bc4 Be7 7. O-O d6 8.
Qe2 Nf6 9. Rd1 e5 10. h3 O-O 11. Bg5 Be6 12. Bxf6 Bxf6 13. Nd5 Bxd5 14. Bxd5
1/2-1/2

[Event "SR 1. liga zapad 2011/2012"]
[Site "?"]
[Date "2012.02.05"]
[Round "9.6"]
[White "Bednar, Jan"]
[Black "Podoba, Milan"]
[Result "0-1"]
[WhiteElo "2128"]
[BlackElo "2157"]
[PlyCount "70"]
[EventDate "2011.??.??"]

1. d4 d5 2. c4 c6 3. Nf3 Nf6 4. Nc3 e6 5. e3 Nbd7 6. Bd3 dxc4 7. Bxc4 b5 8. Bd3
a6 9. e4 Bb7 10. O-O c5 11. d5 c4 12. dxe6 fxe6 13. Bc2 Qc7 14. Qe2 Bd6 15. Nd4
Nc5 16. f4 e5 17. Nf5 O-O-O 18. Nxd6+ Qxd6 19. fxe5 Qxe5 20. Rf5 Qc7 21. Be3
Ne6 22. Rxb5 axb5 23. Nxb5 Qe5 24. Qxc4+ Nc7 25. Bb6 Rd7 26. Nxc7 Rxc7 27. Bxc7
Qxc7 28. Qe6+ Kb8 29. Bd3 Re8 30. Qb3 Ng4 31. g3 Qc5+ 32. Kg2 Qf2+ 33. Kh3 h5
34. Qc2 g5 35. Rc1 Rc8 0-1

[Event "SR 1. liga zapad 2011/2012"]
[Site "?"]
[Date "2012.02.05"]
[Round "9.6"]
[White "Helbich, Branislav"]
[Black "Orgon, Dusan"]
[Result "1-0"]
[WhiteElo "2036"]
[BlackElo "2107"]
[PlyCount "83"]
[EventDate "2011.??.??"]

1. e4 e6 2. d4 d5 3. exd5 exd5 4. Bd3 Bd6 5. Be3 Nf6 6. h3 O-O 7. Nd2 Re8 8.
Ne2 c6 9. c3 Nbd7 10. Qc2 Nf8 11. O-O-O b5 12. Nb3 a5 13. Nc5 Ne6 14. g4 g6 15.
Nxe6 Bxe6 16. Bg5 Be7 17. f3 b4 18. h4 Nd7 19. Bxe7 Rxe7 20. h5 Nf8 21. hxg6
fxg6 22. Rdg1 Qd6 23. f4 Rae8 24. f5 Bf7 25. Kd1 Re3 26. Qd2 Qe7 27. Rh2 Qd6
28. Rgh1 Kg7 29. Rh3 Rxh3 30. Rxh3 bxc3 31. Qh6+ Kg8 32. bxc3 Re7 33. g5 Be8
34. f6 Rb7 35. Re3 Ne6 36. Qh4 Bf7 37. Re5 c5 38. Qh1 c4 39. Bc2 Nc7 40. Re7
Ne6 41. Rxb7 Nxg5 42. Qh6 1-0

[Event "SR 1. liga zapad 2011/2012"]
[Site "?"]
[Date "2012.02.05"]
[Round "9.6"]
[White "Kovacik, Emil"]
[Black "Machalova, Veronika"]
[Result "1-0"]
[WhiteElo "2222"]
[BlackElo "2209"]
[PlyCount "87"]
[EventDate "2011.??.??"]

1. e4 c5 2. Nc3 Nc6 3. Nge2 g6 4. d4 cxd4 5. Nxd4 Bg7 6. Be3 d6 7. Qd2 Bd7 8.
f3 a6 9. g4 Qa5 10. Nb3 Qd8 11. O-O-O b5 12. Kb1 Rb8 13. Be2 b4 14. Nd5 a5 15.
Nd4 e6 16. Nxc6 Bxc6 17. Nf4 Be5 18. Nd3 Bg7 19. Nc1 Qf6 20. Bd4 Qxd4 21. Qxd4
Bxd4 22. Rxd4 d5 23. Nb3 Ra8 24. exd5 Bxd5 25. Bb5+ Kf8 26. Rf1 Ne7 27. c4 bxc3
28. bxc3 Rb8 29. c4 Nc6 30. Bxc6 Bxc6 31. Kc2 a4 32. Na5 Be8 33. Rb1 Ra8 34.
Nb7 Ke7 35. Nd6 Bc6 36. Rb6 Bxf3 37. Rf4 Bxg4 38. Rxf7+ Kd8 39. c5 Rc8 40. Nxc8
Kxc8 41. Ra6 Kb8 42. c6 Bf5+ 43. Kc3 e5 44. Rb7+ 1-0

[Event "SR 1. liga zapad 2011/2012"]
[Site "?"]
[Date "2012.02.05"]
[Round "9.6"]
[White "Machalova, Maria"]
[Black "Borik, Juraj"]
[Result "1/2-1/2"]
[WhiteElo "2184"]
[BlackElo "2198"]
[PlyCount "58"]
[EventDate "2011.??.??"]

1. c4 e5 2. Nc3 Nf6 3. g3 d5 4. cxd5 Nxd5 5. Bg2 Nb6 6. Nf3 Nc6 7. O-O Be7 8.
d3 O-O 9. a3 Be6 10. b4 f6 11. Na4 e4 12. Ne1 Nxa4 13. Qxa4 Nd4 14. Qd1 exd3
15. Nxd3 Bb3 16. Qd2 Bf7 17. Rb1 c6 18. Bb2 Qb6 19. Qe3 Ne6 20. Qxb6 axb6 21.
b5 Rfc8 22. bxc6 bxc6 23. Rfc1 Bxa3 24. Bxa3 Rxa3 25. Rxb6 Nd4 26. Kf1 Nb3 27.
Bh3 Nxc1 28. Bxc8 Nxd3 29. exd3 Rxd3 1/2-1/2

[Event "SR 1. liga zapad 2011/2012"]
[Site "?"]
[Date "2012.02.05"]
[Round "9.6"]
[White "Rohacek, Miroslav"]
[Black "Bombek, Peter"]
[Result "1-0"]
[WhiteElo "2297"]
[BlackElo "2179"]
[PlyCount "155"]
[EventDate "2011.??.??"]

1. e4 e6 2. d4 d5 3. Nc3 Nf6 4. e5 Nfd7 5. f4 c5 6. Nf3 Nc6 7. Be3 Be7 8. Qd2
O-O 9. dxc5 Bxc5 10. O-O-O Qb6 11. Bxc5 Qxc5 12. Bd3 f6 13. Rhe1 Nb6 14. Nb5
Bd7 15. exf6 Rxf6 16. Nbd4 Nxd4 17. Nxd4 Rc8 18. Re5 g6 19. Qe3 Na4 20. g3 Qb6
21. Nb3 Nc5 22. Kb1 Rc6 23. h4 Nxb3 24. axb3 Qxe3 25. Rxe3 Rd6 26. Kc1 Rf8 27.
Kd2 Kg7 28. Ra1 a6 29. Re5 Rb6 30. Ra5 Rc8 31. Ke3 Kf6 32. Ra1 Bb5 33. h5 Bxd3
34. Kxd3 gxh5 35. Rxh5 Rg8 36. Rh3 Rc6 37. Rah1 Rc7 38. Rh6+ Rg6 39. c3 Rcg7
40. Kd4 Rxh6 41. Rxh6+ Kf5 42. b4 b6 43. b3 a5 44. b5 Re7 45. Rh5+ Kg4 46. Rg5+
Kf3 47. Re5 Kxg3 48. f5 h5 49. fxe6 h4 50. Kxd5 h3 51. Rh5 Rc7 52. Kd6 Rxc3 53.
e7 Rd3+ 54. Ke6 Re3+ 55. Re5 Rxe5+ 56. Kxe5 h2 57. e8=Q h1=Q 58. Qg6+ Kf2 59.
Qxb6+ Ke2 60. Qe6 Qa8 61. Kd4+ Kf1 62. b6 Kg1 63. Kc5 Qf8+ 64. Qd6 Qf5+ 65. Kc6
Qe4+ 66. Kb5 Qa8 67. Qc5+ Kf1 68. Qc6 Qf8 69. Kxa5 Qa3+ 70. Qa4 Qf8 71. Qb5+
Kg2 72. Qd5+ Kh3 73. b7 Qb8 74. Kb6 Kh4 75. b4 Kg3 76. Qb5 Kh4 77. Qc4+ Kh5 78.
Qc7 1-0